| 000 | 00917cab a2200253 4500 | ||
|---|---|---|---|
| 001 | WB3026-44 | ||
| 008 | 090401t1994 xxu||||| |||| 00| 0 eng d | ||
| 035 | _a(Sirsi) u80753 | ||
| 041 | _aeng | ||
| 245 | _aAgents` fines checked by RICS | ||
| 260 | _c1994 | ||
| 350 | _a0 | ||
| 490 |
_aProperty Week _v48(1) 7 July 1994, 15(1) |
||
| 520 | _aConcern about whether the level of fines under the Property Misdescriptions Act 1991 are appropriate to the offence has caused the RICS to launch an investigation and collect evidence on fines imposed, before seeking further interpretation of the Act from the Office of Fair Trading. | ||
| 650 | _aESTATE AGENCY | ||
| 650 | _aESTATE AGENTS | ||
| 650 | _aFINES | ||
| 650 | _aPARTICULARS | ||
| 650 | _aPROPERTY MISDESCRIPTIONS ACT 1991 | ||
| 650 | _aRICS | ||
| 690 | _aMANAGEMENT-BUSINESS MANAGEMENT-PROFESSIONAL PRACTICE | ||
| 942 | _n0 | ||
| 948 | _c04/03/1997 | ||
| 999 |
_c50847 _d50847 |
||